El chico / (Record no. 17560)
[ view plain ]
| 000 -CABECERA | |
|---|---|
| campo de control de longitud fija | 00667cam a2200205 a 4500 |
| 001 - NÚMERO DE CONTROL | |
| campo de control | 000018038 |
| 005 - FECHA Y HORA DE LA ÚLTIMA TRANSACCIÓN | |
| campo de control | 20200929165329.0 |
| 008 - DATOS DE LONGITUD FIJA--INFORMACIÓN GENERAL | |
| campo de control de longitud fija | 720330s1967 sp 000 f spa d |
| 040 ## - FUENTE DE LA CATALOGACIÓN | |
| Centro catalogador/agencia de origen | DO-SdBNP |
| Lengua de catalogación | spa |
| Centro/agencia modificador | BNPHU |
| 082 ## - NÚMERO DE LA CLASIFICACIÓN DECIMAL DEWEY | |
| Número de clasificación | 863.6 |
| Número de documento/Ítem | B191c |
| 100 1# - ENTRADA PRINCIPAL--NOMBRE DE PERSONA | |
| Nombre de persona | Ballesteros, Mercedes. |
| Fechas asociadas al nombre | 1913-1995 |
| 9 (RLIN) | 39109 |
| 245 13 - MENCIÓN DE TÍTULO | |
| Título | El chico / |
| Mención de responsabilidad, etc. | Mercedes Ballesteros. |
| 260 ## - PUBLICACIÓN, DISTRIBUCIÓN, ETC. | |
| Lugar de publicación, distribución, etc. | Barcelona : |
| Nombre del editor, distribuidor, etc. | Destino, |
| Fecha de publicación, distribución, etc. | 1967. |
| 300 ## - DESCRIPCIÓN FÍSICA | |
| Extensión | 185 p. ; |
| Dimensiones | 19 cm. |
| 490 1# - MENCIÓN DE SERIE | |
| Mención de serie | Áncora y Delfín, |
| Designación de volumen o secuencia | 284 |
| 505 0# - NOTA DE CONTENIDO CON FORMATO | |
| Nota de contenido con formato | El chico. Primera parte -- Segunda parte -- Eclipse de tierra. |
| 650 #4 - PUNTO DE ACCESO ADICIONAL DE MATERIA--TÉRMINO DE MATERIA | |
| Término de materia o nombre geográfico como elemento de entrada | Novela española |
| 9 (RLIN) | 1123 |
| 650 #4 - PUNTO DE ACCESO ADICIONAL DE MATERIA--TÉRMINO DE MATERIA | |
| Término de materia o nombre geográfico como elemento de entrada | Literatura española |
| Subdivisión cronológica | SIGLO XX |
| 9 (RLIN) | 3326 |
| 830 #0 - PUNTO DE ACCESO ADICIONAL DE SERIE-TÍTULO UNIFORME | |
| Título uniforme | Áncora y Delfín, |
| Designación de volumen o secuencia | 284 |
| 9 (RLIN) | 5000 |
| Estado de retiro | Estado de pérdida | Restricciones de uso | No para préstamo | Código de colección | Localización permanente | Ubicación/localización actual | Ubicación en estantería | Fecha de adquisición | Número de inventario | Total de préstamos | Signatura topográfica completa | Código de barras | Fecha visto por última vez | Precio válido a partir de | Tipo de ítem Koha | Número de copia |
|---|---|---|---|---|---|---|---|---|---|---|---|---|---|---|---|---|
| Excluido de préstamo | Monografías: Libros y Folletos | General | General | Depósito | 12.04.2010 | LF1 | 863.6 B191c | 18038-10 | 25.06.2020 | 25.06.2020 | No se presta | |||||
| Extraviado | Excluido de préstamo | Monografías: Libros y Folletos | General | General | Extraviado | 26.05.2017 | LF1 | 863.6 B191c | 18038-20 | 25.06.2020 | 25.06.2020 | No se presta | e. 2 |
